000 00935 a2200229 4500
020 _a0071356711
040 _aDLC
_bDLC
082 0 0 _a005.268
100 1 _aGottfried, Byron S.,
245 1 0 _aSchaum's outline of theory and problems of programming with Visual Basic
_cByron S. Gottfried.
246 3 0 _aTheory and problems of programming with Visual Basic
246 3 0 _aProgramming with Visual Basic
246 3 0 _aVisual Basic
260 _aNew York :
_bMcGraw-Hill,
_cc2001.
300 _aix, 325 p. :
_bill. ;
_c28 cm.
490 0 _aSchaum's outline series
650 0 _aBASIC (Computer program language)
856 4 2 _3Contributor biographical information
_uhttp://www.loc.gov/catdir/bios/mh041/2001032953.html
856 4 2 _3Publisher description
_uhttp://www.loc.gov/catdir/description/mh021/2001032953.html
856 4 2 _3Table of contents
_uhttp://www.loc.gov/catdir/toc/mh021/2001032953.html
942 _cBK
_k005.268 GOT
_2ddc
999 _c7722
_d7722